[Event "DSJ Weihnachtsturnier U20w 2020"]
[Site "https://play.chessbase.com/en/play?room=DSJWeihnachtU20w"]
[Date "2020.12.29"]
[Round "7"]
[White "Hartmann, Hannah"]
[Black "Dartmann Aubanell, Catriona"]
[Result "0-1"]
[Termination "normal"]
[Board "2.4"]
[WhiteElo "1327"]
[BlackElo "1820"]
[WhiteTeam "SC Landskrone"]
[BlackTeam "Schachverein Hemer 1932"]
[PlyCount "180"]
[WhiteFideId "16235274"]
[BlackFideId "24585270"]
[EventRounds "7"]
[EventType "team-swiss"]
[EventDate "2020.12.29"]

1. e4 {[%emt 0:00:05]} e6 {[%emt 0:00:02]} 2. d4 {[%emt 0:00:04]} d5 {[%emt 0:
00:02]} 3. exd5 {[%emt 0:00:03]} exd5 {[%emt 0:00:02]} 4. Nc3 {[%emt 0:00:03]}
c6 {[%emt 0:00:11]} 5. Nf3 {[%emt 0:00:07]} Bd6 {[%emt 0:00:11]} 6. Bd3 { [%emt
0:00:06]} Ne7 {[%emt 0:00:17]} 7. O-O {[%emt 0:00:11]} Bg4 {[%emt 0:00: 23]} 8.
h3 {[%emt 0:00:08]} Bf5 {[%emt 0:00:38]} 9. Bxf5 {[%emt 0:00:13]} Nxf5 {[%emt
0:00:00]} 10. Qd3 {[%emt 0:00:22]} Ne7 {[%emt 0:00:37]} 11. Bg5 { [%emt
0:00:07]} Nd7 {[%emt 0:00:22]} 12. Rfe1 {[%emt 0:00:12]} f6 {[%emt 0:00: 06]}
13. Bd2 {[%emt 0:00:10]} Qc7 {[%emt 0:00:08]} 14. Re2 {[%emt 0:00:25]} O-O-O
{[%emt 0:00:06]} 15. Rae1 {[%emt 0:00:12]} Ng6 {[%emt 0:00:27]} 16. b3 { [%emt
0:00:29]} Nf4 {[%emt 0:00:40]} 17. Bxf4 {[%emt 0:00:10]} Bxf4 {[%emt 0: 00:00]}
18. Re7 {[%emt 0:00:45]} Rdg8 {[%emt 0:01:12]} 19. a4 {[%emt 0:00:42]} h5
{[%emt 0:00:07]} 20. Nb1 {[%emt 0:00:21]} g5 {[%emt 0:00:12]} 21. Nfd2 { [%emt
0:00:48]} h4 {[%emt 0:00:35]} 22. Qf5 {[%emt 0:00:19]} Qd6 {[%emt 0:01: 03]}
23. Qe6 {[%emt 0:01:13]} Qxe6 {[%emt 0:00:11]} 24. R7xe6 {[%emt 0:00:05]} g4
{[%emt 0:00:11]} 25. hxg4 {[%emt 0:00:10]} Rxg4 {[%emt 0:00:00]} 26. Re8+ {
[%emt 0:00:06]} Rxe8 {[%emt 0:00:04]} 27. Rxe8+ {[%emt 0:00:04]} Kc7 {[%emt 0:
00:01]} 28. Rh8 {[%emt 0:00:03]} f5 {[%emt 0:00:19]} 29. Nf3 {[%emt 0:00:11]}
Nf6 {[%emt 0:00:09]} 30. Rxh4 {[%emt 0:00:23]} Rxh4 {[%emt 0:00:10]} 31. Nxh4 {
[%emt 0:00:03]} Ne4 {[%emt 0:00:35]} 32. Nxf5 {[%emt 0:00:05]} Kd7 {[%emt 0:00:
14]} 33. g3 {[%emt 0:00:04]} Bc1 {[%emt 0:00:08]} 34. Kf1 {[%emt 0:00:04]} Ke6
{[%emt 0:00:05]} 35. g4 {[%emt 0:00:04]} Bb2 {[%emt 0:00:11]} 36. f3 {[%emt 0:
00:03]} Ng5 {[%emt 0:00:10]} 37. Kf2 {[%emt 0:00:14]} Bc1 {[%emt 0:00:12]} 38.
Ke2 {[%emt 0:00:16]} Bf4 {[%emt 0:00:07]} 39. c3 {[%emt 0:00:16]} Nh3 {[%emt 0:
00:07]} 40. Na3 {[%emt 0:00:05]} Ng5 {[%emt 0:00:03]} 41. Nc2 {[%emt 0:00:03]}
Kf6 {[%emt 0:00:06]} 42. Nce3 {[%emt 0:00:02]} Ke6 {[%emt 0:00:11]} 43. b4 {
[%emt 0:00:09]} Kf6 {[%emt 0:00:05]} 44. Nd6 {[%emt 0:00:03]} Bxd6 {[%emt 0:00:
03]} 45. Nf5 {[%emt 0:00:05]} Bf4 {[%emt 0:00:04]} 46. Kf2 {[%emt 0:00:04]}
Nh3+ {[%emt 0:00:04]} 47. Kg2 {[%emt 0:00:02]} Ng5 {[%emt 0:00:01]} 48. Kf2 {
[%emt 0:00:03]} Bd2 {[%emt 0:00:02]} 49. Nd6 {[%emt 0:00:06]} Bxc3 {[%emt 0:00:
02]} 50. Nxb7 {[%emt 0:00:02]} Bxb4 {[%emt 0:00:04]} 51. f4 {[%emt 0:00:07]}
Ne4+ {[%emt 0:00:02]} 52. Kf3 {[%emt 0:00:02]} Bc3 {[%emt 0:00:03]} 53. Nc5 {
[%emt 0:00:07]} Bxd4 {[%emt 0:00:05]} 54. Nxe4+ {[%emt 0:00:02]} dxe4+ { [%emt
0:00:00]} 55. Kxe4 {[%emt 0:00:01]} c5 {[%emt 0:00:01]} 56. g5+ {[%emt 0:
00:04]} Kf7 {[%emt 0:00:04]} 57. f5 {[%emt 0:00:02]} Bb2 {[%emt 0:00:06]} 58.
Kd5 {[%emt 0:00:04]} Bc1 {[%emt 0:00:10]} 59. Kxc5 {[%emt 0:00:03]} Bxg5 {
[%emt 0:00:04]} 60. Kc6 {[%emt 0:00:02]} Kf6 {[%emt 0:00:04]} 61. Kb7 {[%emt 0:
00:03]} Be3 {[%emt 0:00:01]} 62. Ka6 {[%emt 0:00:03]} Kxf5 {[%emt 0:00:01]} 63.
Kb5 {[%emt 0:00:01]} Ke5 {[%emt 0:00:04]} 64. Kc6 {[%emt 0:00:03]} Kd4 { [%emt
0:00:03]} 65. Kb5 {[%emt 0:00:01]} Kc3 {[%emt 0:00:04]} 66. a5 {[%emt 0:
00:03]} Kb3 {[%emt 0:00:02]} 67. a6 {[%emt 0:00:06]} Bf2 {[%emt 0:00:02]} 68.
Kc6 {[%emt 0:00:05]} Kb4 {[%emt 0:00:02]} 69. Kc7 {[%emt 0:00:02]} Ka5 { [%emt
0:00:03]} 70. Kb7 {[%emt 0:00:02]} Be3 {[%emt 0:00:00]} 71. Kc6 {[%emt 0:
00:05]} Kxa6 {[%emt 0:00:00]} 72. Kd5 {[%emt 0:00:02]} Kb5 {[%emt 0:00:03]} 73.
Ke4 {[%emt 0:00:02]} Bg1 {[%emt 0:00:02]} 74. Kd3 {[%emt 0:00:01]} a5 {[%emt 0:
00:02]} 75. Kc3 {[%emt 0:00:02]} a4 {[%emt 0:00:05]} 76. Kb2 {[%emt 0:00:02]}
Kb4 {[%emt 0:00:01]} 77. Ka2 {[%emt 0:00:01]} Bd4 {[%emt 0:00:02]} 78. Kb1 {
[%emt 0:00:05]} Kb3 {[%emt 0:00:03]} 79. Kc1 {[%emt 0:00:01]} a3 {[%emt 0:00:
01]} 80. Kd2 {[%emt 0:00:02]} a2 {[%emt 0:00:01]} 81. Kd3 {[%emt 0:00:01]} a1=Q
{[%emt 0:00:00]} 82. Ke4 {[%emt 0:00:02]} Qe1+ {[%emt 0:00:04]} 83. Kd5 { [%emt
0:00:02]} Qe5+ {[%emt 0:00:05]} 84. Kc6 {[%emt 0:00:02]} Kb4 {[%emt 0:00: 04]}
85. Kd7 {[%emt 0:00:04]} Bc5 {[%emt 0:00:02]} 86. Kc6 {[%emt 0:00:02]} Qd6+
{[%emt 0:00:01]} 87. Kb7 {[%emt 0:00:02]} Kb5 {[%emt 0:00:01]} 88. Kc8 { [%emt
0:00:03]} Bb6 {[%emt 0:00:02]} 89. Kb7 {[%emt 0:00:01]} Qc7+ {[%emt 0:00: 03]}
90. Ka8 {[%emt 0:00:01]} Qa7# {[%emt 0:00:00]} 0-1

[Event "DSJ Weihnachtsturnier U20w 2020"]
[Site "https://play.chessbase.com/en/play?room=DSJWeihnachtU20w"]
[Date "2020.12.29"]
[Round "7"]
[White "Zhou, Lepu Coco"]
[Black "Schneider, Jana"]
[Result "0-1"]
[Termination "normal"]
[Board "3.1"]
[BlackTitle "FM"]
[WhiteElo "1882"]
[BlackElo "2272"]
[WhiteTeam "SC Weisse Dame"]
[BlackTeam "SC Bavaria Regensburg von 1881"]
[PlyCount "66"]
[WhiteFideId "16217136"]
[BlackFideId "12924997"]
[EventRounds "7"]
[EventType "team-swiss"]
[EventDate "2020.12.29"]

1. e4 {[%emt 0:00:03]} e5 {[%emt 0:00:10]} 2. Nf3 {[%emt 0:00:03]} Nc6 { [%emt
0:00:02]} 3. Bb5 {[%emt 0:00:04]} a6 {[%emt 0:00:02]} 4. Ba4 {[%emt 0:00: 01]}
d6 {[%emt 0:00:01]} 5. d4 {[%emt 0:00:06]} b5 {[%emt 0:00:02]} 6. Bb3 { [%emt
0:00:03]} Nxd4 {[%emt 0:00:03]} 7. Nxd4 {[%emt 0:00:16]} exd4 {[%emt 0: 00:00]}
8. c3 {[%emt 0:00:05]} dxc3 {[%emt 0:00:14]} 9. Nxc3 {[%emt 0:00:02]} Nf6
{[%emt 0:00:04]} 10. O-O {[%emt 0:00:03]} Be7 {[%emt 0:00:02]} 11. Re1 { [%emt
0:00:12]} O-O {[%emt 0:00:03]} 12. Nd5 {[%emt 0:01:06]} Nxd5 {[%emt 0:00: 28]}
13. Bxd5 {[%emt 0:00:23]} Rb8 {[%emt 0:00:03]} 14. Be3 {[%emt 0:00:24]} Bb7
{[%emt 0:00:40]} 15. Ba7 {[%emt 0:00:49]} Bxd5 {[%emt 0:00:03]} 16. Bxb8 {
[%emt 0:00:08]} Be6 {[%emt 0:00:11]} 17. Ba7 {[%emt 0:00:42]} c5 {[%emt 0:00:
03]} 18. a4 {[%emt 0:00:03]} Qc7 {[%emt 0:00:07]} 19. axb5 {[%emt 0:00:02]}
Qxa7 {[%emt 0:00:04]} 20. Rxa6 {[%emt 0:00:16]} Qb8 {[%emt 0:00:48]} 21. Qa4 {
[%emt 0:00:10]} Bd7 {[%emt 0:00:10]} 22. Ra7 {[%emt 0:01:23]} Bxb5 {[%emt 0:00:
05]} 23. Qa3 {[%emt 0:00:11]} Re8 {[%emt 0:00:18]} 24. Ra1 {[%emt 0:00:06]} Bc6
{[%emt 0:00:06]} 25. f3 {[%emt 0:00:15]} Bf8 {[%emt 0:00:10]} 26. Qa6 {[%emt 0:
00:28]} Qb5 {[%emt 0:00:14]} 27. Qa2 {[%emt 0:00:34]} c4 {[%emt 0:00:09]} 28.
Qb1 {[%emt 0:01:19]} Rb8 {[%emt 0:00:16]} 29. R7a6 {[%emt 0:00:42]} Qc5+ {
[%emt 0:00:51]} 30. Kh1 {[%emt 0:00:08]} c3 {[%emt 0:00:08]} 31. R1a2 {[%emt 0:
00:47]} Qb5 {[%emt 0:00:36]} 32. R2a5 {[%emt 0:00:05]} Qxb2 {[%emt 0:00:07]}
33. Qf1 {[%emt 0:00:03]} Bb5 {[%emt 0:00:12] WeisseD2-001 gibt auf} 0-1

[Event "DSJ Weihnachtsturnier U20w 2020"]
[Site "https://play.chessbase.com/en/play?room=DSJWeihnachtU20w"]
[Date "2020.12.29"]
[Round "7"]
[White "Mütsch, Annmarie"]
[Black "Fayngold, Sophie"]
[Result "1-0"]
[Termination "normal"]
[Board "3.2"]
[WhiteTitle "WIM"]
[WhiteElo "2236"]
[BlackElo "1222"]
[WhiteTeam "SC Bavaria Regensburg von 1881"]
[BlackTeam "SC Weisse Dame"]
[PlyCount "75"]
[WhiteFideId "12971367"]
[BlackFideId "16244761"]
[EventRounds "7"]
[EventType "team-swiss"]
[EventDate "2020.12.29"]

1. e4 {[%emt 0:00:12]} e5 {[%emt 0:00:09]} 2. Nf3 {[%emt 0:00:06]} Nc6 { [%emt
0:00:04]} 3. Bc4 {[%emt 0:00:12]} Bc5 {[%emt 0:00:02]} 4. c3 {[%emt 0:00: 04]}
d6 {[%emt 0:00:06]} 5. d4 {[%emt 0:00:03]} exd4 {[%emt 0:00:03]} 6. cxd4 {
[%emt 0:00:02]} Bb6 {[%emt 0:00:06]} 7. h3 {[%emt 0:00:25]} Nf6 {[%emt 0:00:12]
} 8. Nc3 {[%emt 0:00:02]} Bd7 {[%emt 0:00:06]} 9. O-O {[%emt 0:00:05]} Qe7 {
[%emt 0:00:18]} 10. e5 {[%emt 0:00:04]} dxe5 {[%emt 0:00:20]} 11. dxe5 { [%emt
0:00:02]} Ng8 {[%emt 0:00:29]} 12. Nd5 {[%emt 0:00:07]} Qd8 {[%emt 0:01: 00]}
13. Bf4 {[%emt 0:00:41]} Nge7 {[%emt 0:00:43]} 14. Ng5 {[%emt 0:00:04]} Nxd5
{[%emt 0:00:39]} 15. Bxd5 {[%emt 0:00:11]} O-O {[%emt 0:00:03]} 16. Qh5 { [%emt
0:00:07]} h6 {[%emt 0:00:14]} 17. Nxf7 {[%emt 0:00:04]} Rxf7 {[%emt 0:00: 32]}
18. Bxf7+ {[%emt 0:00:03]} Kf8 {[%emt 0:00:11]} 19. e6 {[%emt 0:00:14]} Be8
{[%emt 0:00:20]} 20. Rad1 {[%emt 0:01:45]} Qe7 {[%emt 0:00:12]} 21. Bxe8 {
[%emt 0:00:16]} Qxe8 {[%emt 0:00:17]} 22. Qf5+ {[%emt 0:00:10]} Kg8 {[%emt 0:
00:21]} 23. Rd7 {[%emt 0:00:04]} Qf8 {[%emt 0:00:45]} 24. Rf7 {[%emt 0:00:06]}
Qe8 {[%emt 0:00:19]} 25. Bxh6 {[%emt 0:00:15]} Bd4 {[%emt 0:00:10]} 26. Qg6 {
[%emt 0:00:12]} Qf8 {[%emt 0:00:31]} 27. Rxf8+ {[%emt 0:00:09]} Rxf8 {[%emt 0:
00:04]} 28. Bg5 {[%emt 0:00:10]} Ne5 {[%emt 0:00:16]} 29. Qe4 {[%emt 0:00:11]}
Nc6 {[%emt 0:00:09]} 30. e7 {[%emt 0:00:07]} Re8 {[%emt 0:00:09]} 31. Qe6+ {
[%emt 0:00:02]} Kh8 {[%emt 0:00:12]} 32. Qf7 {[%emt 0:00:02]} Rxe7 {[%emt 0:00:
20]} 33. Bxe7 {[%emt 0:00:02]} Nxe7 {[%emt 0:00:03]} 34. Qxe7 {[%emt 0:00:02]}
Bf6 {[%emt 0:00:01]} 35. Qf7 {[%emt 0:00:04]} a6 {[%emt 0:00:08]} 36. Re1 {
[%emt 0:00:01]} Kh7 {[%emt 0:00:03]} 37. Qh5+ {[%emt 0:00:03]} Kg8 {[%emt 0:00:
06]} 38. Re8# {[%emt 0:00:00]} 1-0

[Event "DSJ Weihnachtsturnier U20w 2020"]
[Site "https://play.chessbase.com/en/play?room=DSJWeihnachtU20w"]
[Date "2020.12.29"]
[Round "7"]
[White "Schülke, Rosalie"]
[Black "Arnhold, Steffi"]
[Result "0-1"]
[Termination "normal"]
[Board "3.3"]
[WhiteElo "1407"]
[BlackElo "2031"]
[WhiteTeam "SC Weisse Dame"]
[BlackTeam "SC Bavaria Regensburg von 1881"]
[PlyCount "124"]
[WhiteFideId "16287436"]
[BlackFideId "12931365"]
[EventRounds "7"]
[EventType "team-swiss"]
[EventDate "2020.12.29"]

1. e4 {[%emt 0:00:04]} c5 {[%emt 0:00:02]} 2. Nf3 {[%emt 0:00:03]} e6 {[%emt 0:
00:01]} 3. d4 {[%emt 0:00:01]} cxd4 {[%emt 0:00:00]} 4. Nxd4 {[%emt 0:00:03]}
a6 {[%emt 0:00:07]} 5. Nc3 {[%emt 0:00:03]} Qc7 {[%emt 0:00:02]} 6. Be3 { [%emt
0:00:10]} Nf6 {[%emt 0:00:02]} 7. g3 {[%emt 0:00:11]} d6 {[%emt 0:00:03]} 8.
Bg2 {[%emt 0:00:02]} Nbd7 {[%emt 0:00:02]} 9. O-O {[%emt 0:00:07]} Be7 { [%emt
0:00:01]} 10. f4 {[%emt 0:00:24]} O-O {[%emt 0:00:03]} 11. Qd3 {[%emt 0:
00:15]} Rb8 {[%emt 0:00:10]} 12. Rad1 {[%emt 0:00:09]} b5 {[%emt 0:00:02]} 13.
e5 {[%emt 0:01:03]} dxe5 {[%emt 0:00:02]} 14. Nc6 {[%emt 0:00:13]} Nc5 { [%emt
0:00:07]} 15. Bxc5 {[%emt 0:00:14]} Bxc5+ {[%emt 0:00:02]} 16. Kh1 { [%emt
0:00:14]} Rb6 {[%emt 0:00:32]} 17. fxe5 {[%emt 0:00:12]} Ng4 {[%emt 0:00: 06]}
18. Nd4 {[%emt 0:00:37]} Bb7 {[%emt 0:00:15]} 19. Bxb7 {[%emt 0:00:49]} Qxb7+
{[%emt 0:00:00]} 20. Qf3 {[%emt 0:00:15]} Qxf3+ {[%emt 0:00:07]} 21. Rxf3
{[%emt 0:00:02]} Nxe5 {[%emt 0:00:00]} 22. Re3 {[%emt 0:00:16]} Nc4 {[%emt 0:
00:03]} 23. Re4 {[%emt 0:00:23]} Nxb2 {[%emt 0:00:04]} 24. Rb1 {[%emt 0:00:07]}
Nc4 {[%emt 0:00:25]} 25. Nb3 {[%emt 0:00:07]} Bb4 {[%emt 0:00:10]} 26. Ne2 {
[%emt 0:00:35]} Rd6 {[%emt 0:00:20]} 27. c3 {[%emt 0:00:14]} Ba3 {[%emt 0:00:
03]} 28. Ned4 {[%emt 0:00:11]} Rfd8 {[%emt 0:00:06]} 29. Rd1 {[%emt 0:00:17]}
Bb2 {[%emt 0:00:05]} 30. Rd3 {[%emt 0:00:16]} e5 {[%emt 0:00:07]} 31. Nc5 {
[%emt 0:01:36]} exd4 {[%emt 0:00:05]} 32. Rexd4 {[%emt 0:00:11]} Rxd4 {[%emt 0:
00:03]} 33. cxd4 {[%emt 0:00:06]} h6 {[%emt 0:00:05]} 34. Nxa6 {[%emt 0:00:07]}
Rxd4 {[%emt 0:00:02]} 35. Rxd4 {[%emt 0:00:05]} Bxd4 {[%emt 0:00:00]} 36. Nc7 {
[%emt 0:00:01]} b4 {[%emt 0:00:06]} 37. Nd5 {[%emt 0:00:02]} Bc3 {[%emt 0:00:
02]} 38. Kg2 {[%emt 0:00:06]} f6 {[%emt 0:00:04]} 39. Kf1 {[%emt 0:00:03]} Kf7
{[%emt 0:00:02]} 40. Ke2 {[%emt 0:00:01]} Ke6 {[%emt 0:00:02]} 41. Nf4+ { [%emt
0:00:04]} Ke5 {[%emt 0:00:05]} 42. Nd3+ {[%emt 0:00:03]} Kd4 {[%emt 0:00: 03]}
43. Nf4 {[%emt 0:00:07]} Ke4 {[%emt 0:00:06]} 44. Ne6 {[%emt 0:00:11]} g5
{[%emt 0:00:08]} 45. Kd1 {[%emt 0:00:10]} Kf3 {[%emt 0:00:09]} 46. Kc2 { [%emt
0:00:03]} Kg2 {[%emt 0:00:02]} 47. Kb3 {[%emt 0:00:01]} Nd2+ {[%emt 0:00: 02]}
48. Kc2 {[%emt 0:00:04]} Kxh2 {[%emt 0:00:05]} 49. a3 {[%emt 0:00:02]} Kxg3
{[%emt 0:00:07]} 50. a4 {[%emt 0:00:04]} Nc4 {[%emt 0:00:02]} 51. Kb3 { [%emt
0:00:03]} Na5+ {[%emt 0:00:01]} 52. Ka2 {[%emt 0:00:07]} h5 {[%emt 0:00: 00]}
53. Kb1 {[%emt 0:00:02]} h4 {[%emt 0:00:02]} 54. Nc7 {[%emt 0:00:05]} h3 {
[%emt 0:00:02]} 55. Nb5 {[%emt 0:00:01]} h2 {[%emt 0:00:02]} 56. Nxc3 {[%emt 0:
00:00]} bxc3 {[%emt 0:00:01]} 57. Kc2 {[%emt 0:00:00]} h1=Q {[%emt 0:00:02]}
58. Kxc3 {[%emt 0:00:01]} Qe4 {[%emt 0:00:02]} 59. Kb2 {[%emt 0:00:02]} Qd3 {
[%emt 0:00:02]} 60. Ka2 {[%emt 0:00:03]} Nc4 {[%emt 0:00:07]} 61. a5 {[%emt 0:
00:03]} Qa3+ {[%emt 0:00:01]} 62. Kb1 {[%emt 0:00:02]} Qb2# {[%emt 0:00:00]}
0-1

[Event "DSJ Weihnachtsturnier U20w 2020"]
[Site "https://play.chessbase.com/en/play?room=DSJWeihnachtU20w"]
[Date "2020.12.29"]
[Round "7"]
[White "Pavlov, Liliane"]
[Black "Reddi, Bhuvana"]
[Result "1-0"]
[Termination "normal"]
[Board "3.4"]
[WhiteElo "1740"]
[BlackElo "1359"]
[WhiteTeam "SC Bavaria Regensburg von 1881"]
[BlackTeam "SC Weisse Dame"]
[PlyCount "55"]
[WhiteFideId "16225449"]
[BlackFideId "16287002"]
[EventRounds "7"]
[EventType "team-swiss"]
[EventDate "2020.12.29"]

1. d4 {[%emt 0:00:27]} Nf6 {[%emt 0:00:02]} 2. c4 { [%emt 0:00:02]} g6 {[%emt
0:00:03]} 3. Nf3 {[%emt 0:00:26]} Bg7 {[%emt 0:00:03] } 4. g3 {[%emt 0:00:20]}
O-O {[%emt 0:00:11]} 5. Bg2 {[%emt 0:00:04]} d6 { [%emt 0:00:07]} 6. O-O {[%emt
0:00:03]} c5 {[%emt 0:00:06]} 7. Nc3 {[%emt 0:00: 04]} Nc6 {[%emt 0:00:06]} 8.
b3 {[%emt 0:00:10]} Bg4 {[%emt 0:00:31]} 9. d5 { [%emt 0:00:16]} Nb8 {[%emt
0:00:39]} 10. Bb2 {[%emt 0:00:12]} e6 {[%emt 0:01: 21]} 11. dxe6 {[%emt
0:00:14]} fxe6 {[%emt 0:00:06]} 12. Nd2 {[%emt 0:00:15]} Nc6 {[%emt 0:00:12]}
13. h3 {[%emt 0:00:04]} Bh5 {[%emt 0:00:41]} 14. g4 { [%emt 0:00:12]} Bxg4
{[%emt 0:00:52]} 15. hxg4 {[%emt 0:00:04]} Nxg4 {[%emt 0: 00:02]} 16. e3 {[%emt
0:00:23]} Be5 {[%emt 0:00:31]} 17. Qxg4 {[%emt 0:00:29]} Rf5 {[%emt 0:00:17]}
18. f4 {[%emt 0:00:18]} Bxc3 {[%emt 0:00:34]} 19. Bxc3 { [%emt 0:00:03]} e5
{[%emt 0:00:05]} 20. Bd5+ {[%emt 0:00:20]} Kf8 {[%emt 0:00: 22]} 21. fxe5
{[%emt 0:00:14]} Rxf1+ {[%emt 0:00:10]} 22. Rxf1+ {[%emt 0:00:06] } Ke8 {[%emt
0:00:02]} 23. Bf7+ {[%emt 0:00:07]} Ke7 {[%emt 0:00:12]} 24. Qe6+ {[%emt
0:00:06]} Kf8 {[%emt 0:00:07]} 25. Bxg6+ {[%emt 0:00:08]} Kg7 {[%emt 0: 00:03]}
26. Qf7+ {[%emt 0:00:30]} Kh6 {[%emt 0:00:04]} 27. Qxh7+ {[%emt 0:00: 03]} Kg5
{[%emt 0:00:02]} 28. Qh5# {[%emt 0:00:09]

[Event "DSJ Weihnachtsturnier U20w 2020"]
[Site "https://play.chessbase.com/en/play?room=DSJWeihnachtU20w"]
[Date "2020.12.29"]
[Round "7"]
[White "Roncea, Andrea-Alexandra"]
[Black "Dietz, Kristin"]
[Result "0-1"]
[Termination "normal"]
[Board "4.1"]
[WhiteElo "1619"]
[BlackElo "1911"]
[WhiteTeam "SC Papenburg"]
[BlackTeam "USV Halle"]
[PlyCount "76"]
[WhiteFideId "16233115"]
[BlackFideId "12993743"]
[EventRounds "7"]
[EventType "team-swiss"]
[EventDate "2020.12.29"]

1. e4 {[%emt 0:00:05]} c5 {[%emt 0:00:38]} 2. Nf3 {[%emt 0:00:04]} e6 {[%emt 0:
00:04]} 3. c3 {[%emt 0:00:02]} a6 {[%emt 0:00:07]} 4. d4 {[%emt 0:00:04]} d5 {
[%emt 0:00:10]} 5. e5 {[%emt 0:00:03]} Nc6 {[%emt 0:00:10]} 6. a3 {[%emt 0:00:
09]} Qb6 {[%emt 0:00:07]} 7. b4 {[%emt 0:00:05]} cxd4 {[%emt 0:00:03]} 8. cxd4
{[%emt 0:00:00]} a5 {[%emt 0:00:06]} 9. b5 {[%emt 0:00:02]} Nce7 {[%emt 0:00:
11]} 10. Be3 {[%emt 0:00:11]} a4 {[%emt 0:00:03]} 11. Nc3 {[%emt 0:00:05]} Bd7
{[%emt 0:00:43]} 12. Bd3 {[%emt 0:00:23]} g6 {[%emt 0:00:03]} 13. Nxa4 { [%emt
0:00:13]} Qa5+ {[%emt 0:00:05]} 14. Bd2 {[%emt 0:01:02]} Qxa4 {[%emt 0: 00:02]}
15. Qe2 {[%emt 0:00:22]} Bg7 {[%emt 0:00:07]} 16. Bb4 {[%emt 0:00:20]} Nh6
{[%emt 0:00:10]} 17. O-O {[%emt 0:00:02]} Nhf5 {[%emt 0:00:03]} 18. Rfc1 {
[%emt 0:00:10]} Qa7 {[%emt 0:00:39]} 19. b6 {[%emt 0:00:04]} Qb8 {[%emt 0:00:
04]} 20. g4 {[%emt 0:00:07]} Nh6 {[%emt 0:00:07]} 21. Bd6 {[%emt 0:00:02]} Qd8
{[%emt 0:00:04]} 22. Bc7 {[%emt 0:00:02]} Qc8 {[%emt 0:00:11]} 23. Bd6 { [%emt
0:00:02]} Bc6 {[%emt 0:00:03]} 24. Bb5 {[%emt 0:00:08]} Qd7 {[%emt 0:00: 12]}
25. Bxc6 {[%emt 0:00:12]} Nxc6 {[%emt 0:00:03]} 26. g5 {[%emt 0:00:08]} Nf5
{[%emt 0:00:02]} 27. Bb4 {[%emt 0:00:02]} Nfe7 {[%emt 0:00:02]} 28. Bxe7 {
[%emt 0:00:03]} Qxe7 {[%emt 0:00:03]} 29. Rc3 {[%emt 0:00:03]} O-O {[%emt 0:00:
02]} 30. Rac1 {[%emt 0:00:02]} Ra4 {[%emt 0:00:11]} 31. h4 {[%emt 0:00:15]}
Nxd4 {[%emt 0:00:07]} 32. Nxd4 {[%emt 0:00:00]} Rxd4 {[%emt 0:00:02]} 33. Rh3 {
[%emt 0:00:01]} Rxh4 {[%emt 0:00:09]} 34. Rxh4 {[%emt 0:00:04]} Qxg5+ {[%emt 0:
00:01]} 35. Qg4 {[%emt 0:00:07]} Qxc1+ {[%emt 0:00:02]} 36. Kg2 {[%emt 0:00:00]
} Bxe5 {[%emt 0:00:07]} 37. Qh3 {[%emt 0:00:02]} h5 {[%emt 0:00:18]} 38. Qf3 {
[%emt 0:00:12]} Qg5+ {[%emt 0:00:03] Papenbg1-001 gibt auf} 0-1

[Event "DSJ Weihnachtsturnier U20w 2020"]
[Site "https://play.chessbase.com/en/play?room=DSJWeihnachtU20w"]
[Date "2020.12.29"]
[Round "7"]
[White "Voigt, Anastasia"]
[Black "Zöllner, Bente"]
[Result "0-1"]
[Termination "normal"]
[Board "4.2"]
[WhiteElo "1738"]
[BlackElo "1614"]
[WhiteTeam "USV Halle"]
[BlackTeam "SC Papenburg"]
[PlyCount "114"]
[WhiteFideId "16235223"]
[BlackFideId "16230523"]
[EventRounds "7"]
[EventType "team-swiss"]
[EventDate "2020.12.29"]

1. e4 {[%emt 0:00:02]} c5 {[%emt 0:00:15]} 2. Nf3 {[%emt 0:00:02]} Nc6 { [%emt
0:00:03]} 3. d4 {[%emt 0:00:02]} cxd4 {[%emt 0:00:02]} 4. Nxd4 {[%emt 0:
00:01]} Nf6 {[%emt 0:00:02]} 5. Nc3 {[%emt 0:00:02]} e5 {[%emt 0:00:02]} 6.
Ndb5 {[%emt 0:00:16]} d6 {[%emt 0:00:02]} 7. Bg5 {[%emt 0:00:18]} a6 {[%emt 0:
00:03]} 8. Na3 {[%emt 0:00:03]} b5 {[%emt 0:00:02]} 9. Nd5 {[%emt 0:00:10]} Be7
{[%emt 0:00:03]} 10. Bxf6 {[%emt 0:00:10]} Bxf6 {[%emt 0:00:05]} 11. c3 { [%emt
0:00:03]} Ne7 {[%emt 0:00:04]} 12. Nxf6+ {[%emt 0:00:07]} gxf6 {[%emt 0:
00:05]} 13. Nc2 {[%emt 0:00:02]} f5 {[%emt 0:00:08]} 14. Bd3 {[%emt 0:00:40]}
fxe4 {[%emt 0:00:19]} 15. Bxe4 {[%emt 0:00:03]} d5 {[%emt 0:00:03]} 16. Bf3 {
[%emt 0:00:05]} O-O {[%emt 0:00:08]} 17. O-O {[%emt 0:00:03]} Rb8 {[%emt 0:00:
15]} 18. Re1 {[%emt 0:00:09]} Qd6 {[%emt 0:00:14]} 19. Ne3 {[%emt 0:00:24]} Be6
{[%emt 0:00:09]} 20. b3 {[%emt 0:00:18]} Rfd8 {[%emt 0:00:13]} 21. Qd2 { [%emt
0:00:08]} Rbc8 {[%emt 0:00:29]} 22. Rad1 {[%emt 0:00:06]} Qd7 {[%emt 0: 00:25]}
23. Nc2 {[%emt 0:00:37]} Qc7 {[%emt 0:00:18]} 24. Nb4 {[%emt 0:00:44]} a5
{[%emt 0:00:31]} 25. Nc2 {[%emt 0:00:14]} Qxc3 {[%emt 0:00:14]} 26. Qxc3 {
[%emt 0:00:08]} Rxc3 {[%emt 0:00:04]} 27. Na3 {[%emt 0:00:22]} b4 {[%emt 0:00:
11]} 28. Nb1 {[%emt 0:00:09]} Rc2 {[%emt 0:00:15]} 29. Rd2 {[%emt 0:00:02]}
Rdc8 {[%emt 0:00:04]} 30. Rxc2 {[%emt 0:00:41]} Rxc2 {[%emt 0:00:21]} 31. h3 {
[%emt 0:00:07]} e4 {[%emt 0:00:12]} 32. Bd1 {[%emt 0:00:05]} Rxa2 {[%emt 0:00:
06]} 33. Re2 {[%emt 0:00:08]} Ra1 {[%emt 0:00:56]} 34. Bc2 {[%emt 0:00:07]} Nf5
{[%emt 0:00:10]} 35. Rd2 {[%emt 0:00:12]} Nd4 {[%emt 0:00:06]} 36. Rxd4 { [%emt
0:00:10]} Ra2 {[%emt 0:00:11]} 37. Rd2 {[%emt 0:00:09]} Rb2 {[%emt 0:00: 12]}
38. Kh2 {[%emt 0:00:07]} Kg7 {[%emt 0:00:26]} 39. f3 {[%emt 0:00:20]} a4 {
[%emt 0:00:12]} 40. bxa4 {[%emt 0:00:11]} b3 {[%emt 0:00:01]} 41. Bxe4 { [%emt
0:00:15]} Rxd2 {[%emt 0:00:13]} 42. Nxd2 {[%emt 0:00:02]} dxe4 {[%emt 0:
00:03]} 43. fxe4 {[%emt 0:00:02]} b2 {[%emt 0:00:03]} 44. a5 {[%emt 0:00:12]}
Ba2 {[%emt 0:00:16]} 45. Kg3 {[%emt 0:00:02]} b1=Q {[%emt 0:00:02]} 46. Nxb1 {
[%emt 0:00:03]} Bxb1 {[%emt 0:00:08]} 47. Kf4 {[%emt 0:00:02]} Bd3 {[%emt 0:00:
05]} 48. Ke3 {[%emt 0:00:07]} Ba6 {[%emt 0:00:03]} 49. Kd4 {[%emt 0:00:02]} Kf6
{[%emt 0:00:02]} 50. Kc5 {[%emt 0:00:03]} Ke5 {[%emt 0:00:04]} 51. Kb6 { [%emt
0:00:04]} Bd3 {[%emt 0:00:04]} 52. a6 {[%emt 0:00:04]} Bxe4 {[%emt 0:00: 02]}
53. a7 {[%emt 0:00:04]} Bxg2 {[%emt 0:00:03]} 54. Kc7 {[%emt 0:00:01]} f5
{[%emt 0:00:02]} 55. Kb8 {[%emt 0:00:01]} f4 {[%emt 0:00:02]} 56. a8=Q { [%emt
0:00:03]} Bxa8 {[%emt 0:00:01]} 57. Kxa8 {[%emt 0:00:01]} f3 {[%emt 0:00: 01]}
0-1